000 00347nam a2200133Ia 4500
008 240624s9999 xx 000 0 und d
041 _aeng
082 _a658.3124 HAL
100 _aHALL BRADLEY W
245 _aNEW HUMAN CAPITAL STRATEGY IMPROVING THE
260 _c2008
_aNew York
_bAMACOM
300 _axi, : 242 : p. : cm. ; 23
365 _c
_b28
999 _c22066
_d22066